Jaume Salvà i Munar i el mallorquinisme científic / (Record no. 20109)

MARC details
000 -LEADER
campo de control de longitud fija 00958nam a2200265 i 4500
001 - NÚMERO DE CONTROL
campo de control 20109
003 - IDENTIFICADOR DE NÚMERO DE CONTROL
campo de control ES-MaACL
005 - FECHA Y HORA DE LA ÚLTIMA TRANSACCIÓN
campo de control 20251013231543.0
007 - CAMPO FIJO DE DESCRIPCIÓN FÍSICA--INFORMACIÓN GENERAL
campo de control de longitud fija t|
008 - DATOS DE LONGITUD FIJA--INFORMACIÓN GENERAL
campo de control de longitud fija 021128s2001 sp ||||1| spa d
020 ## - NÚMERO INTERNACIONAL ESTÁNDAR DEL LIBRO
Número Internacional Estándar del Libro 84-921508-5-8
080 ## - NÚMERO DE LA CLASIFICACIÓN DECIMAL UNIVERSAL
Número de la Clasificación Decimal Universal 929 Salvà i Muner, Jaume
100 1# - ENTRADA PRINCIPAL--NOMBRE DE PERSONA
Nombre de persona March, Joan (
Fechas asociadas al nombre 1949-)
9 (RLIN) 76393
245 10 - MENCIÓN DEL TÍTULO
Título Jaume Salvà i Munar i el mallorquinisme científic /
Mención de responsabilidad, etc. Joan March Noguera.
260 ## - PUBLICACIÓN, DISTRIBUCIÓN, ETC.
Lugar de publicación, distribución, etc. Algaida :
Nombre del editor, distribuidor, etc. Ajuntament d'Algaida ;
Lugar de publicación, distribución, etc. [Palma de Mallorca :
Nombre del editor, distribuidor, etc. Govern de les Illes Balears,
Fecha de publicación, distribución, etc. 2001.
300 ## - DESCRIPCIÓN FÍSICA
Extensión 138 p. :
Otras características físicas il. ;
Dimensiones 21 cm.
490 1# - MENCIÓN DE SERIE
Mención de serie Edicions Pere Capellá ;
Designación de volumen o secuencia 7
504 ## - NOTA DE BIBLIOGRAFÍA, ETC.
Nota de bibliografía, etc. Bibliografía: p. 128-133. Índice.
600 17 - PUNTO DE ACCESO ADICIONAL DE MATERIA--NOMBRE DE PERSONA
Nombre de persona Salvà i Munar, Jaume,
Fechas asociadas al nombre 1793-1855
Fuente del encabezamiento o término
9 (RLIN) 158351
710 1# - ENTRADA AGREGADA--NOMBRE DE ENTIDAD CORPORATIVA
Nombre de entidad corporativa o nombre de jurisdicción como elemento de entrada Algaida.
Unidad subordinada Ayuntamiento.
9 (RLIN) 1333
710 1# - ENTRADA AGREGADA--NOMBRE DE ENTIDAD CORPORATIVA
Nombre de entidad corporativa o nombre de jurisdicción como elemento de entrada Baleares (Comunidad Autónoma).
Unidad subordinada Gobierno.
9 (RLIN) 2084
830 0# - PUNTO DE ACCESO ADICIONAL DE SERIE-TÍTULO UNIFORME
Título uniforme Edicions Pere Capellá ;
Designación de volumen o secuencia 7
9 (RLIN) 228911
852 ## - LOCALIZACIÓN
Ubicación ES-MaACL
Número de control de estantería L-26032
Sublocalización o colección R.131817
Holdings
Estatus retirado Estado de pérdida Estado de daño No para préstamo Biblioteca de origen Biblioteca actual Ubicación en estantería Fecha de adquisición Fuente de adquisición Total de préstamos Signatura topográfica completa Código de barras Visto por última vez Precio de reemplazo Tipo de ítem Koha
        Biblioteca del Ateneo de Madrid Biblioteca del Ateneo de Madrid Depósito 2 17/01/2008     L-26032 1020610 23/02/2023 23/02/2023 Libro impreso